Giáo trình tiếng việt và tiếng việt thực hành

שמור ב:
מידע ביבליוגרפי
מחבר ראשי: Lã Thị Bắc Lý
פורמט: ספר
יצא לאור: Hà Nội ĐH Sư phạm 2015
מהדורה:In lần thứ tám
תגים: הוספת תג
אין תגיות, היה/י הראשונ/ה לתייג את הרשומה!
Thư viện lưu trữ: Trung tâm Học liệu Lê Vũ Hùng, Trường Đại học Đồng Tháp
LEADER 00664pam a22001818a 4500
001 00038552
005 20171026081025.0
008 170516s2015 ||||||Viesd
041 0 # |a Vie 
082 1 4 |a 495.922  |b GI108TR 
100 1 # |a Lã Thị Bắc Lý 
245 1 0 |a Giáo trình tiếng việt và tiếng việt thực hành  |c Lã Thị Bắ Lý...[và các tác giả khác] 
250 # # |a In lần thứ tám 
260 # # |a Hà Nội  |b ĐH Sư phạm  |c 2015 
300 # # |a 174 tr.  |c 24 cm 
852 # # |b Kho đọc  |j KD.1001300 
910 |d 16/05/2017 
980 # # |a Trung tâm Học liệu Lê Vũ Hùng, Trường Đại học Đồng Tháp